000 02598cam a2200685Ma 4500
003 PE-LiUPU
005 20250731170426.0
008 1902011s2004 mx a rb 001 0 eng d
020 _a9707291281
020 _a9789707291287
035 _a(Sirsi) i9789707291287
035 _a(OCoLC)427473138
_z(OCoLC)630692481
040 _aPE-LiUPU
_bspa
_cPE-LiUPU
_erda
041 1 _aspa
_heng
049 _aPRUA
082 0 4 _a152.1
_bS29
_220
100 1 _aSchiffman, Harvey Richard,
_eautor.
245 1 0 _aSensación y percepción :
_bun enfoque integrador /
_cHarvey Richard Schiffman ; traducción, Gloria Padilla Sierra y José Luis Núñez Herrejón.
250 _aPrimera edición.
264 1 _aMéxico :
_bManual Moderno,
_c2004.
300 _axiii, 562 páginas :
_bilustraciones ;
_c27 centímetros
336 _atext
_2rdacontent
337 _aunmediated
_2rdamedia
338 _avolume
_2rdacarrier
504 _aBibliografía: páginas 507-546.
504 _aÍndice: páginas 547-562.
505 0 _aIntroducción a la sensación y la percepción -- Psicofísica -- Sistema visual -- Funciones y fenómenos visuales fundamentales -- Visión del color -- Patrón visual y percepción de formas: procesos básicos de organización perceptual -- Procesos superiores de organización perceptual.
526 _aSEG68
526 _aSEG70
526 _aSEG69
526 _aSEG67
526 _aSEG43
526 _aP144
526 _aP143
526 _aP131
526 _aP122
526 _aP120
526 _aP117
526 _aP112
526 _aP110
526 _aP106
526 _aP101
526 _aP80
526 _aP59
526 _aP54
526 _aP35
526 _aP33
526 _aP30
534 _pTítulo original:
_tSensation and perception : an integrated approach.
541 _gF002-00000795;
650 4 _aPercepción.
650 4 _aSentidos y sensaciones.
700 1 _aNúñez Herrejón, José Luis,
_etraductor.
700 1 _aPadilla Sierra, Gloria,
_etrraductor.910 \\
_adbm
_bjpc
_cjpc
_d201902011
942 _2ddc
_cBOOK
949 _a152.1 S29
_wDEWEY
_c1
_i79880
_lCATALOGING
_mBUL
_p45.00
_r0
_sY
_tBOOK
_u2019-02-11
_xSALUD
_zP33
_0COMPRA
_o.STAFF. Colección Ciencias de la Salud
994 _aC0
_bPEPRU
596 _a1
999 _a152.1 S29
_wDEWEY
_c31057
_i79880
_d31057
_e2019-8-25
_f2021-11-3
_g3
_lCCODEBUL1
_mBUL
_n2
_p45.00
_q4
_r0
_sY
_tBOOK
_u2019-2-11
_xSALUD
_zP33
_0COMPRA
_1FCOMPR2
_o.STAFF. Colección Ciencias de la Salud
980 _81
_gALBERTO SANCHEZ Responsable de Automatización